[Event "World Senior Teams +65"]
[Site "Hersonissos GRE"]
[Date "2017.05.01"]
[Round "8.1"]
[White "Svensson,Soren"]
[Black "Pushkov,N"]
[Result "0-1"]
[WhiteElo "1992"]
[BlackElo "2335"]

1.d4 Nf6 2.c4 e6 3.Nf3 d5 4.Nc3 Bb4 5.Bg5 h6 6.Bxf6 Qxf6 7.e3 O-O 8.Rc1 c6
9.Be2 Nd7 10.O-O dxc4 11.Bxc4 e5 12.a3 Bxc3 13.Rxc3 e4 14.Nd2 Qg6 15.f3 exf3
16.Rxf3 Nb6 17.Rg3 Qd6 18.Bd3 Nd5 19.Rc1 Nf6 20.Nc4 Qe7 21.Qf3 Be6 22.Ne5 Nd7
23.Nc4 Bxc4 24.Rxc4 Rad8 25.h3 Qe6 26.d5 Qf6 27.Rf4 Qe5 28.Qg4 cxd5 29.Qh4 Nc5
30.Bc2 Ne6 31.Rf5 Qxb2 32.Bd3 Qxa3 33.e4 Qa1+ 34.Kh2 dxe4 35.Bxe4 Rd1 36.Re3
Qd4 37.Qf2 Qd6+ 38.g3 Rd2 {#R} 0-1

[Event "World Senior Teams +65"]
[Site "Hersonissos GRE"]
[Date "2017.05.01"]
[Round "8.2"]
[White "Watzka,H"]
[Black "Vaisser,A"]
[Result "0-1"]
[WhiteElo "2165"]
[BlackElo "2506"]

1.e4 e6 2.d4 d5 3.Nd2 c5 4.exd5 exd5 5.Ngf3 cxd4 6.Bb5+ Nc6 7.Qe2+ Be7 8.Nxd4
Bd7 9.N2f3 Nf6 10.O-O O-O 11.h3 Re8 12.Be3 Bc5 13.Rfd1 Qb6 14.Bxc6 bxc6 15.c3
a5 16.Qc2 Ne4 17.Rab1 Qa6 18.Rbc1 Bb6 19.Ng5 Nxg5 20.Bxg5 h6 21.Be3 Rad8
22.Qd2 c5 23.Nb3 Qa7 24.Qxd5 Bg4 {#R} 0-1

[Event "World Senior Teams +65"]
[Site "Hersonissos GRE"]
[Date "2017.05.01"]
[Round "8.2"]
[White "Sharif,Me"]
[Black "Nickl,K"]
[Result "1-0"]
[WhiteElo "2385"]
[BlackElo "2045"]

1.Nf3 Nf6 2.g3 d5 3.Bg2 c6 4.O-O Bf5 5.d3 e6 6.c4 Nbd7 7.cxd5 exd5 8.Nc3 Be7
9.e4 dxe4 10.dxe4 Bg4 11.h3 Be6 12.Qc2 h6 13.Nd4 Nc5 14.Rd1 Qc8 15.Nxe6 Nxe6
16.Be3 Nd7 17.f4 Bc5 18.Bxc5 Nexc5 19.e5 a5 20.Rd6 O-O 21.Rad1 Qc7 22.Qf2 Rad8
23.Kh2 Rfe8 24.Qd2 Ne6 25.Rxd7 {#r} 1-0

[Event "World Senior Teams +65"]
[Site "Hersonissos GRE"]
[Date "2017.05.01"]
[Round "8.5"]
[White "Algars,O"]
[Black "Renman,N"]
[Result "0-1"]
[WhiteElo "1980"]
[BlackElo "2361"]

1.e4 e6 2.d4 d5 3.e5 c5 4.c3 Nc6 5.Be3 Qb6 6.Qd2 Nh6 7.Bd3 Bd7 8.Nf3 cxd4
9.cxd4 Nb4 10.Be2 Bb5 11.Nc3 Bxe2 12.Qxe2 Nf5 13.O-O Be7 14.Rac1 Nc6 15.Qd3
Nxe3 16.fxe3 O-O 17.Ne2 Rac8 18.Nf4 g6 19.h4 Qxb2 20.Rb1 Qxa2 21.Rxb7 Qa3
22.Qe2 Rb8 23.Rxb8 Rxb8 24.Ng5 Bxg5 25.hxg5 Rb3 26.Nxd5 exd5 27.Qf3 Qe7
28.Qxd5 Qe6 29.Qe4 Ne7 30.Qa8+ Kg7 31.Rf6 Rb1+ 32.Kh2 Qg4 33.Qf3 Qh4+ 34.Qh3
Qxg5 35.Qd7 Qh4+ 36.Qh3 Qxh3+ 37.Kxh3 Rb6 {#R} 0-1

[Event "World Senior Teams +65"]
[Site "Hersonissos GRE"]
[Date "2017.05.01"]
[Round "8.5"]
[White "Nilsson,C"]
[Black "Hedin,G"]
[Result "0-1"]
[WhiteElo "1962"]
[BlackElo "2193"]

1.e4 e6 2.d4 d5 3.Nd2 Be7 4.Bd3 c5 5.dxc5 Nf6 6.Qe2 Nc6 7.Ngf3 a5 8.O-O O-O
9.c4 dxe4 10.Nxe4 Nxe4 11.Qxe4 f5 12.Qe2 Bf6 13.Rd1 Qe7 14.a3 e5 15.Ne1 e4
16.Bc2 Nd4 17.Qf1 Be6 18.Rb1 Qf7 19.f4 Bxc4 20.Qf2 Rad8 21.Be3 Nxc2 22.Nxc2
Rxd1+ 23.Rxd1 Bxb2 24.Qd2 Bd3 25.Ne1 Bxa3 26.Qxa5 Qb3 27.Ra1 Bb2 28.Qa2 Qxa2
29.Rxa2 Bc3 30.Kf2 Bb5 31.Rc2 Bf6 32.Rd2 Ra8 33.Rc2 Kf7 34.Bd2 Bd4+ 35.Be3
Bxe3+ 36.Kxe3 Ra1 37.Kf2 e3+ {#R} 0-1

[Event "49th Italian Teams 2017"]
[Site "Gallipoli ITA"]
[Date "2017.05.01"]
[Round "7.1"]
[White "David,Alb"]
[Black "Damia,A"]
[Result "1-0"]
[WhiteElo "2546"]
[BlackElo "2417"]

1.e4 Nf6 2.e5 Nd5 3.d4 d6 4.c4 Nb6 5.exd6 cxd6 6.Nc3 g6 7.Be3 Bg7 8.Rc1 O-O
9.b3 Nc6 10.d5 Ne5 11.Be2 h5 12.Nf3 Nxf3+ 13.Bxf3 Nd7 14.O-O Ne5 15.Be2 Ng4
16.Bg5 Bf6 17.Bd2 Bf5 18.h3 Ne5 19.Be3 Qa5 20.Nb5 Qxa2 21.g4 hxg4 22.hxg4 Be4
23.f3 Nxg4 24.fxg4 Kg7 25.Bf3 Rh8 26.Rf2 Bxf3 27.Qxf3 {#r} 1-0

[Event "49th Italian Teams 2017"]
[Site "Gallipoli ITA"]
[Date "2017.05.01"]
[Round "7.2"]
[White "Ortega,Le"]
[Black "Garcia Palermo,C"]
[Result "0-1"]
[WhiteElo "2480"]
[BlackElo "2450"]

1.d4 Nf6 2.Nf3 c5 3.d5 d6 4.Nc3 g6 5.e4 Bg7 6.Bb5+ Bd7 7.a4 Bxb5 8.axb5 O-O
9.O-O Nbd7 10.Bf4 Nb6 11.Ra2 Ne8 12.Qa1 Nc7 13.Rxa7 Qd7 14.Qa5 Nc4 15.Qa2 Rxa7
16.Qxa7 Bxc3 17.Qxb7 Na5 18.Qb6 f5 19.bxc3 fxe4 20.Nd2 Nxd5 21.Qxa5 Nxf4
22.Nxe4 Qg4 23.Ng3 h5 24.f3 Qg5 25.Rf2 h4 26.Qa2+ d5 27.Ne4 Nh3+ 28.Kf1 Qc1+
{#R} 0-1

[Event "49th Italian Teams 2017"]
[Site "Gallipoli ITA"]
[Date "2017.05.01"]
[Round "7.2"]
[White "Rombaldoni,D"]
[Black "Corvi,M"]
[Result "1-0"]
[WhiteElo "2479"]
[BlackElo "2303"]

1.Nf3 c5 2.c4 Nc6 3.Nc3 g6 4.e3 Bg7 5.d4 cxd4 6.exd4 d6 7.h3 Nf6 8.d5 Nb8
9.Be2 O-O 10.O-O Na6 11.Be3 Nc5 12.Rc1 Nfe4 13.Nxe4 Nxe4 14.Bd4 Bd7 15.Re1 Re8
16.b4 Bh6 17.Bd3 Nf6 18.Rb1 b5 19.Bxf6 exf6 20.Rxe8+ Bxe8 21.cxb5 Qb6 22.a4
Bd7 23.Qb3 Rc8 24.a5 Qd8 25.Nd4 Rc1+ 26.Rxc1 Bxc1 27.Nc6 Qe8 28.Qc3 Bg5
29.Nxa7 Kg7 30.b6 Bf4 31.Nc6 Bxc6 32.dxc6 Be5 33.Qc2 Bd4 34.c7 {#r} 1-0

[Event "49th Italian Teams 2017"]
[Site "Gallipoli ITA"]
[Date "2017.05.01"]
[Round "7.3"]
[White "Mazzilli,P"]
[Black "Basso,Pier Luigi"]
[Result "0-1"]
[WhiteElo "2358"]
[BlackElo "2447"]

1.e4 c6 2.d4 d5 3.exd5 cxd5 4.c4 Nf6 5.Nc3 Nc6 6.Nf3 Bg4 7.cxd5 Nxd5 8.Qb3
Bxf3 9.gxf3 Nb6 10.d5 Nd4 11.Qd1 e5 12.dxe6 fxe6 13.Be3 Bc5 14.b4 O-O 15.bxc5
Nxf3+ 16.Ke2 Qf6 17.Bg2 Nc4 18.Rc1 Qf5 19.Qd3 Qh5 20.Kf1 Nfe5 21.Qe2 Nxe3+
22.Qxe3 Ng4 23.Qxe6+ Kh8 24.Ne4 Rae8 25.Qb3 Nxf2 {#R} 0-1

[Event "49th Italian Teams 2017"]
[Site "Gallipoli ITA"]
[Date "2017.05.01"]
[Round "7.3"]
[White "Valsecchi,A"]
[Black "Amato,A"]
[Result "1-0"]
[WhiteElo "2491"]
[BlackElo "2261"]

1.e4 c5 2.Nf3 e6 3.d4 cxd4 4.Nxd4 a6 5.Bd3 g6 6.O-O Bg7 7.Nb3 Ne7 8.c4 O-O
9.Nc3 d5 10.cxd5 exd5 11.Bg5 dxe4 12.Bxe4 Qxd1 13.Raxd1 Nbc6 14.Rfe1 f6 15.Bf4
Ne5 16.Nc5 N7c6 17.N3a4 Rb8 18.Nb6 g5 19.Bg3 h5 20.h4 gxh4 21.Bxh4 Ne7 22.Bg3
Re8 23.Nxc8 Rbxc8 24.Nxb7 Rf8 25.Nd6 Rb8 26.b3 Rfd8 27.Nc4 Kf7 28.Nxe5+ fxe5
29.Bd3 Ke6 30.f4 Nf5 31.Bf2 a5 32.Bc4+ Ke7 33.Bc5+ Ke8 34.Rxd8+ Rxd8 35.fxe5
Bf8 36.Bxf8 Kxf8 37.Rf1 {#r} 1-0

[Event "49th Italian Teams 2017"]
[Site "Gallipoli ITA"]
[Date "2017.05.01"]
[Round "7.3"]
[White "Zamengo,F"]
[Black "Ramondino,R"]
[Result "1-0"]
[WhiteElo "2246"]
[BlackElo "2190"]

1.e4 c5 2.Nf3 d6 3.d4 cxd4 4.Nxd4 Nf6 5.Nc3 g6 6.Be3 Bg7 7.f3 O-O 8.Qd2 Nc6
9.O-O-O d5 10.Qe1 e5 11.Nxc6 bxc6 12.exd5 Nxd5 13.Bc4 Be6 14.h4 Rb8 15.Ne4 Qc7
16.Bc5 Rfd8 17.h5 f5 18.Ng5 Bh6 19.Qh4 Bf7 20.hxg6 Bxg5+ 21.Qxg5 Bxg6 22.Qf6
f4 23.g3 fxg3 24.f4 g2 25.Rhg1 Qa5 26.Qe6+ Kg7 27.Qxe5+ Kf7 28.Rxd5 cxd5
29.Bxd5+ Rxd5 30.Qxd5+ Ke8 31.Qe6+ Kd8 32.Rd1+ {#r} 1-0

[Event "49th Italian Teams 2017"]
[Site "Gallipoli ITA"]
[Date "2017.05.01"]
[Round "7.4"]
[White "Djuric,S"]
[Black "Efimov,Ig"]
[Result "0-1"]
[WhiteElo "2429"]
[BlackElo "2387"]

1.e4 c5 2.Nf3 b6 3.d4 cxd4 4.Nxd4 d6 5.Nc3 Nd7 6.Be2 a6 7.Bg5 g6 8.Bg4 Bb7
9.Nd5 Ne5 10.Bh3 h6 11.Bh4 g5 12.f4 Ng6 13.fxg5 Bxd5 14.exd5 Nxh4 15.O-O hxg5
16.Qg4 Qc7 17.Rae1 Ng6 18.Nc6 Bg7 19.Rxf7 Kxf7 20.Qe6+ Kf8 21.Qxg6 Rh6 22.Qxg5
e5 23.Be6 Re8 24.Re3 Rexe6 25.dxe6 Qxc6 26.Rc3 Qe8 27.Rc7 Ne7 28.h4 Rxe6
29.Qg4 Qg6 30.Qf3+ Kg8 31.Ra7 e4 32.Qb3 Bd4+ 33.Kh1 Qg4 34.g3 Qh3# 0-1

[Event "49th Italian Teams 2017"]
[Site "Gallipoli ITA"]
[Date "2017.05.01"]
[Round "7.4"]
[White "Signorelli,Gaetano"]
[Black "Sebastianelli,Di"]
[Result "1-0"]
[WhiteElo "2182"]
[BlackElo "2328"]

1.e4 c5 2.Nf3 e6 3.d4 cxd4 4.Nxd4 a6 5.Nc3 Qc7 6.Be2 Nf6 7.a3 b5 8.f4 Bb7
9.Bf3 d6 10.O-O Nc6 11.Be3 Na5 12.Qe2 Nc4 13.Bf2 Be7 14.Ndxb5 axb5 15.Nxb5 Qc8
16.b3 Nxa3 17.Nxa3 d5 18.e5 Bxa3 19.exf6 gxf6 20.Bd4 Bc5 21.Qb5+ {#r} 1-0

[Event "49th Italian Teams 2017"]
[Site "Gallipoli ITA"]
[Date "2017.05.01"]
[Round "7.5"]
[White "Carnicelli,V"]
[Black "Quirico,P"]
[Result "1-0"]
[WhiteElo "2257"]
[BlackElo "2135"]

1.e4 c5 2.Nf3 Nc6 3.d4 cxd4 4.Nxd4 g6 5.Nc3 Bg7 6.Be3 Nf6 7.Nxc6 bxc6 8.e5 Ng8
9.f4 f6 10.Bd4 Qa5 11.Qe2 Rb8 12.O-O-O fxe5 13.Bxe5 Bxe5 14.Qxe5 Qxe5 15.fxe5
Nh6 16.Bc4 Kd8 17.h3 Kc7 18.Ne4 Bb7 19.Rd3 Rbd8 20.Rhd1 Bc8 21.g4 Rdf8 22.Nc5
Rd8 23.Ba6 Bxa6 24.Nxa6+ Kb6 25.Rb3+ Kxa6 26.Rd4 Ka5 27.Rdb4 c5 28.Rb5+ {#r}
1-0

[Event "49th Italian Teams 2017"]
[Site "Gallipoli ITA"]
[Date "2017.05.01"]
[Round "7.6"]
[White "Napoli,N"]
[Black "Cebalo,M"]
[Result "1-0"]
[WhiteElo "2307"]
[BlackElo "2320"]

1.d4 Nf6 2.c4 c5 3.d5 e6 4.Nc3 exd5 5.cxd5 d6 6.Nf3 g6 7.g3 Bg7 8.Bg2 O-O
9.O-O Re8 10.Nd2 b6 11.a4 Ba6 12.Nb5 Bxb5 13.axb5 Nbd7 14.Ra4 a5 15.h3 Re7
16.Kh2 Ne8 17.Nb1 Nc7 18.Na3 Qf8 19.Bg5 Ree8 20.Bc1 Rad8 21.e4 Bd4 22.f4 f5
23.exf5 Qxf5 24.Nc2 Bg7 25.Ne3 Qf7 26.f5 Nf6 27.Ng4 Nxb5 28.fxg6 hxg6 29.Rxf6
Qxf6 30.Nxf6+ Bxf6 31.Qf1 {#r} 1-0

[Event "49th Italian Teams 2017"]
[Site "Gallipoli ITA"]
[Date "2017.05.01"]
[Round "7.6"]
[White "Cacco,C"]
[Black "Chiaretti,R"]
[Result "0-1"]
[WhiteElo "2301"]
[BlackElo "2262"]

1.d4 e6 2.Nf3 f5 3.g3 Nf6 4.Bg2 d5 5.O-O Bd6 6.c4 c6 7.b3 Qe7 8.Bb2 O-O 9.Qc1
b6 10.Ba3 Ba6 11.Bxd6 Qxd6 12.Ne1 Nbd7 13.Qb2 Rf7 14.f3 Bb7 15.Nc3 g6 16.Nc2
g5 17.Rfd1 Raf8 18.e3 h6 19.Bf1 Ra8 20.Ne1 Raf8 21.b4 Qb8 22.c5 h5 23.Bd3 Rg7
24.Qg2 Rff7 25.Ne2 Nf8 26.Nc2 Bc8 27.Kf2 Ng6 28.Rab1 e5 29.Ke1 f4 30.Nc3 g4
31.e4 {#R} 0-1

[Event "49th Italian Teams 2017"]
[Site "Gallipoli ITA"]
[Date "2017.05.01"]
[Round "7.6"]
[White "Satta,V"]
[Black "Simoli,S"]
[Result "0-1"]
[WhiteElo "2204"]
[BlackElo "2270"]

1.c4 e5 2.Nc3 Nf6 3.g3 Bb4 4.Bg2 O-O 5.Nf3 Re8 6.O-O a5 7.d3 h6 8.Qc2 Nc6
9.Nd5 Bf8 10.Bd2 d6 11.Bc3 g6 12.e3 Bg7 13.Rfe1 Bf5 14.Nd2 Nd7 15.Ne4 Be6
16.Rac1 Ncb8 17.Qb3 Ra7 18.Nd2 c6 19.e4 Nc5 20.Qb6 Qxb6 21.Nxb6 Nxd3 22.Ra1
{#R} 0-1

[Event "49th Italian Teams 2017"]
[Site "Gallipoli ITA"]
[Date "2017.05.01"]
[Round "7.6"]
[White "Navarro,St"]
[Black "Bellincampi,S"]
[Result "1-0"]
[WhiteElo "2257"]
[BlackElo "1982"]

1.e4 e5 2.Nf3 Nc6 3.Bc4 Nf6 4.d3 Be7 5.Bb3 O-O 6.c3 d5 7.Nbd2 Bg4 8.O-O dxe4
9.dxe4 Qd3 10.Bc4 Bxf3 11.Qxf3 Qxf3 12.Nxf3 Nxe4 13.Bd5 Nd6 14.Bxc6 bxc6
15.Nxe5 Bf6 16.Nxc6 Rfe8 17.Bf4 Re2 18.Bxd6 cxd6 19.Rab1 Rc8 20.Rfe1 Rxe1+
21.Rxe1 Kf8 22.Nb4 Rb8 23.Re2 Rb5 24.Rd2 Be5 25.Nd5 g6 26.b3 a5 27.c4 Rb7
28.f4 Bg7 29.Kf2 f5 30.Ke2 Ke8 31.Kd3 Kd7 32.Re2 Kc6 33.Re8 Ra7 34.g3 Bb2
35.h4 Ba1 36.h5 Bb2 37.hxg6 hxg6 38.Rc8+ Kd7 39.Rg8 Ke6 40.Rxg6+ Kf7 41.Rxd6
{#r} 1-0

[Event "4NCL 2016-17"]
[Site "Telford ENG"]
[Date "2017.05.01"]
[Round "11.11"]
[White "Sadler,M"]
[Black "Sokolov,Ivan"]
[Result "1-0"]
[WhiteElo "2670"]
[BlackElo "2632"]

1.d4 Nf6 2.c4 c5 3.d5 e6 4.Nc3 exd5 5.cxd5 g6 6.e4 d6 7.f3 a6 8.a4 h5 9.Bg5
Be7 10.Be3 h4 11.Qd2 Nbd7 12.Nh3 Ne5 13.Be2 Rb8 14.O-O Kf8 15.a5 b5 16.axb6
Qxb6 17.b4 Bxh3 18.bxc5 Qb2 19.gxh3 Qxd2 20.Bxd2 Rb2 21.Rfd1 Nh5 22.f4 Rxd2
23.Rxd2 Nxf4 24.c6 Kg7 25.Rc2 Nxh3+ 26.Kf1 Nf4 27.Na4 Bd8 28.Rb1 g5 29.Rb8 Bc7
30.Rxh8 Kxh8 31.Rb2 g4 32.Rb7 h3 33.Kf2 Ba5 34.Bxg4 Nfd3+ 35.Ke3 Nxg4+ 36.Kxd3
Nxh2 37.Nb6 Ng4 38.c7 Nf2+ 39.Ke2 h2 40.c8=Q+ {#r} 1-0

[Event "4NCL 2016-17"]
[Site "Telford ENG"]
[Date "2017.05.01"]
[Round "11.15"]
[White "Edouard,R"]
[Black "Williams,Si1"]
[Result "1-0"]
[WhiteElo "2628"]
[BlackElo "2444"]

1.Nf3 d6 2.e4 Nf6 3.Nc3 c5 4.d4 cxd4 5.Qxd4 Nc6 6.Bb5 Bd7 7.Bxc6 Bxc6 8.Bg5 e6
9.O-O-O Be7 10.Qe3 Qa5 11.Kb1 O-O 12.Qd2 Qa6 13.Rhe1 b5 14.Qd3 Qb7 15.Nd4 Rfc8
16.Nxc6 Rxc6 17.Ne2 Rac8 18.Nd4 Rc5 19.Bh4 b4 20.Re2 Rh5 21.Bg3 a5 22.f4 Rhc5
23.Nb3 Rb5 24.Nd4 Rb6 25.Bh4 a4 26.f5 e5 27.Bxf6 Bxf6 28.Nf3 Rbc6 29.Red2 h5
30.h4 Rc4 31.Re1 b3 32.cxb3 axb3 33.axb3 R4c5 34.Rdd1 d5 35.exd5 e4 36.Rxe4
Rc3 37.Qe2 Qxb3 38.Ng5 Qb8 39.Re1 Bxg5 40.hxg5 Kf8 {#r} 1-0

[Event "4NCL 2016-17"]
[Site "Telford ENG"]
[Date "2017.05.01"]
[Round "11.17"]
[White "Le Roux,JP"]
[Black "Kirk,Ez"]
[Result "1-0"]
[WhiteElo "2549"]
[BlackElo "2345"]

1.Nf3 Nf6 2.g3 g6 3.Bg2 Bg7 4.O-O c5 5.c4 O-O 6.Nc3 Nc6 7.d3 Rb8 8.a3 a6 9.Nd2
d6 10.Rb1 Bd7 11.b4 cxb4 12.axb4 Ne8 13.Nd5 b5 14.c5 a5 15.cxd6 Nxd6 16.bxa5
Nxa5 17.Ba3 Be6 18.Nb4 Qb6 19.Bb2 Rbc8 20.Bxg7 Kxg7 21.Nf3 f6 22.e4 Rfd8
23.Qe1 Nf7 24.Ra1 Nc6 25.Ra6 Qb7 26.e5 Nxb4 27.Rxe6 Qd7 28.exf6+ exf6 29.Bh3
Nc2 30.Qe4 f5 31.Bxf5 gxf5 32.Qxf5 Rc6 33.Qf6+ {#r} 1-0

[Event "4NCL 2016-17"]
[Site "Telford ENG"]
[Date "2017.05.01"]
[Round "11.18"]
[White "Steil Antoni,F"]
[Black "Milliet,S"]
[Result "0-1"]
[WhiteElo "2141"]
[BlackElo "2387"]

1.e4 c5 2.Nc3 Nc6 3.f4 g6 4.Nf3 Bg7 5.Bb5 Nd4 6.O-O a6 7.Bd3 d6 8.Nxd4 cxd4
9.Ne2 Nf6 10.c3 dxc3 11.dxc3 O-O 12.Qe1 b5 13.f5 Bb7 14.Qh4 Rc8 15.Rf3 b4
16.Bg5 bxc3 17.bxc3 Qa5 18.Rh3 h5 19.Re1 Ng4 20.Bxe7 Qc5+ 21.Kf1 Rfe8 22.f6
Bh6 23.Nd4 Qxc3 24.Nf5 gxf5 25.Qxh5 Nxh2+ 26.Rxh2 Qxd3+ 27.Kg1 Rc1 28.Rxc1
Qe3+ 29.Kf1 Qxc1+ {#R} 0-1

[Event "4NCL 2016-17"]
[Site "Telford ENG"]
[Date "2017.05.01"]
[Round "11.32"]
[White "D'Costa,L"]
[Black "Haria,R"]
[Result "1-0"]
[WhiteElo "2391"]
[BlackElo "2383"]

1.Nf3 Nf6 2.c4 e6 3.g3 d5 4.Bg2 Be7 5.O-O O-O 6.d4 dxc4 7.Qc2 b6 8.Bg5 Nd5
9.Bxe7 Qxe7 10.Qxc4 Ba6 11.Qc2 c5 12.Nc3 Rc8 13.Nxd5 exd5 14.Qf5 Rd8 15.Rfe1
Nc6 16.Rad1 Bc8 17.Qf4 Be6 18.e4 dxe4 19.Qxe4 Nb4 20.d5 {#r} 1-0

[Event "4NCL 2016-17"]
[Site "Telford ENG"]
[Date "2017.05.01"]
[Round "11.36"]
[White "Cox,JohnJ"]
[Black "Weaving,Richard"]
[Result "0-1"]
[WhiteElo "2325"]
[BlackElo "2252"]

1.c4 e5 2.Nc3 Nf6 3.Nf3 Nc6 4.e3 Bb4 5.Qc2 Bxc3 6.Qxc3 Qe7 7.d4 Ne4 8.Qd3 exd4
9.Nxd4 O-O 10.Be2 Qb4+ 11.Kf1 Qe7 12.f3 Nc5 13.Qc3 a5 14.Kf2 Qf6 15.Kg1 Re8
16.Nb5 Qd8 17.Kf2 Ne5 18.Rd1 Ra6 19.e4 Rg6 20.Kg1 Nc6 21.Be3 b6 22.Rac1 d6
23.Bf1 Ne5 24.Kh1 Qe7 25.Nd4 Qh4 26.Qe1 Qh5 27.Rc2 f5 28.exf5 Bxf5 29.Rcd2 Bc8
30.Qf2 Bb7 31.Be2 Rf6 32.Re1 Ng4 33.fxg4 Rxf2 34.gxh5 Rxe3 35.Nf3 Bxf3 36.gxf3
Nd3 37.Kg1 Rfxf3 38.Red1 Ne5 39.Bxf3 Rxf3 {#R} 0-1

[Event "4NCL 2016-17"]
[Site "Telford ENG"]
[Date "2017.05.01"]
[Round "11.45"]
[White "Purton,B"]
[Black "Flear,G"]
[Result "0-1"]
[WhiteElo "2108"]
[BlackElo "2430"]

1.e4 e5 2.Nf3 Nc6 3.d4 exd4 4.Nxd4 Bc5 5.Be3 Qf6 6.c3 Nge7 7.g3 h5 8.h3 d5
9.Bg2 dxe4 10.Nb5 Bxe3 11.Nxc7+ Kf8 12.O-O Rb8 13.fxe3 Qe5 14.Qb3 f6 15.Nb5
Qxg3 16.Nd2 Bxh3 17.Rf2 Bxg2 18.Rxg2 Qxe3+ 19.Kh1 Rd8 20.Nc4 Qh3+ 21.Kg1 Rh6
22.Nc7 Rg6 23.Rxg6 Nxg6 24.Qxb7 Nf4 {#R} 0-1

[Event "4NCL 2016-17"]
[Site "Telford ENG"]
[Date "2017.05.01"]
[Round "11.47"]
[White "Tavares,S"]
[Black "Kilpatrick,C"]
[Result "0-1"]
[WhiteElo "2143"]
[BlackElo "2352"]

1.e4 e5 2.Nf3 Nc6 3.Bc4 Nf6 4.d3 Be7 5.O-O O-O 6.Re1 d6 7.a4 Kh8 8.a5 a6
9.Nbd2 Ng8 10.c3 f5 11.exf5 Bxf5 12.Qb3 Rb8 13.Ne4 h6 14.Be3 Nf6 15.Nxf6 Bxf6
16.Nd2 Qe8 17.Ne4 Bh4 18.Bd5 Qg6 19.Ra4 Ne7 20.Bxb7 Be6 21.c4 Nc6 22.Nd2 Bc8
23.Bxc6 Rxb3 24.Nxb3 Qxd3 25.Rb4 Be6 26.g3 Qg6 27.Nd2 Bg5 28.Be4 Bf5 29.Bg2
Bxe3 30.Rxe3 Qg4 31.Bf3 Qd4 32.Nf1 Bh3 33.Bg2 Bxg2 34.Kxg2 Qc5 35.Rf3 Rxf3
36.Rb8+ Kh7 37.Kxf3 Qxc4 38.Kg2 Qd5+ 39.Kg1 Qxa5 {#R} 0-1

[Event "4NCL 2016-17"]
[Site "Telford ENG"]
[Date "2017.05.01"]
[Round "11.55"]
[White "Ledger,D"]
[Black "Twyble,M"]
[Result "1-0"]
[WhiteElo "2215"]
[BlackElo "2261"]

1.e4 e5 2.Nf3 Nc6 3.Bc4 Bc5 4.d3 Nf6 5.O-O d6 6.c3 a6 7.Bb3 Ba7 8.Be3 O-O
9.Nbd2 Be6 10.Bc2 Ne7 11.Nh4 c6 12.Qe2 d5 13.Bxa7 Rxa7 14.exd5 Qxd5 15.Bb3 Qd6
16.Rfe1 Rd8 17.Bxe6 Qxe6 18.Nc4 Qg4 19.Qxg4 Nxg4 20.Nxe5 Nxe5 21.Rxe5 Kf8
22.d4 b6 23.g3 Nd5 24.Rae1 Re7 25.Nf3 f6 26.Rxe7 Nxe7 27.h4 Kf7 28.Nd2 c5
29.Nb3 cxd4 30.Nxd4 b5 31.Rxe7+ {#r} 1-0

[Event "4NCL 2016-17"]
[Site "Telford ENG"]
[Date "2017.05.01"]
[Round "11.56"]
[White "Coleman,D"]
[Black "Eames,R"]
[Result "0-1"]
[WhiteElo "2143"]
[BlackElo "2201"]

1.e4 c6 2.d4 d5 3.exd5 cxd5 4.c4 Nf6 5.Nc3 e6 6.Nf3 Bb4 7.cxd5 Nxd5 8.Qc2 O-O
9.Bd3 h6 10.O-O Nc6 11.a3 Ba5 12.Bd2 Bb6 13.Ne2 Bd7 14.b4 Rc8 15.Qb3 Qf6
16.Be3 Rfd8 17.Rad1 Be8 18.Bc1 g5 19.Bb2 Bc7 20.Bb1 g4 21.Nd2 Qh4 22.g3 Qh3
23.Be4 f5 24.Bg2 Qh5 25.Rfe1 Bf7 26.Nc3 Nxc3 27.Bxc3 Nxd4 28.Qb2 Bb6 29.Bxb7
Rc7 30.Bg2 e5 31.Nb3 Rxc3 32.Qxc3 Ne2+ 33.Rxe2 Rxd1+ 34.Re1 Rxe1+ 35.Qxe1 Bxb3
36.Qxe5 Qf7 37.a4 Qe6 38.Qc3 Bxa4 39.Bf1 Bb3 40.Ba6 Bd5 {#R} 0-1

[Event "4NCL 2016-17"]
[Site "Telford ENG"]
[Date "2017.05.01"]
[Round "11.64"]
[White "Rose,M"]
[Black "Haussernot,C"]
[Result "1-0"]
[WhiteElo "2265"]
[BlackElo "2084"]

1.e4 c5 2.a3 Nf6 3.e5 Nd5 4.c4 Nc7 5.b4 d6 6.exd6 Qxd6 7.Nf3 Bg4 8.Bb2 Nc6
9.Be2 O-O-O 10.O-O Ne6 11.Qa4 Nf4 12.Bd1 e5 13.b5 e4 14.Ng5 Bxd1 15.Qxd1 Ne5
16.Bxe5 Qxe5 17.Nxf7 Qxa1 18.Qg4+ Rd7 19.Nc3 Qb2 20.Ne5 Qxd2 21.Nd5 {#r} 1-0

[Event "4NCL 2016-17"]
[Site "Telford ENG"]
[Date "2017.05.01"]
[Round "11.65"]
[White "Mitra,Roman C"]
[Black "Gerlagh,Joris"]
[Result "0-1"]
[WhiteElo "2043"]
[BlackElo "2288"]

1.e4 e6 2.d4 d5 3.exd5 exd5 4.Bd3 Nc6 5.Ne2 Bg4 6.f3 Bh5 7.Nf4 Bg6 8.Qe2+ Nge7
9.Nxg6 hxg6 10.c3 Qd6 11.g3 Nd8 12.Na3 Ne6 13.Nc2 O-O-O 14.Bd2 Qxg3+ 15.hxg3
Rxh1+ 16.Qf1 Rxf1+ 17.Kxf1 Nf5 18.Kg2 Bd6 19.Be1 c6 20.a4 Rh8 21.Bf2 Nh4+
22.Kf1 Nxf3 23.Ke2 Nfg5 24.Ne3 f5 {#R} 0-1

[Event "4NCL 2016-17"]
[Site "Telford ENG"]
[Date "2017.05.01"]
[Round "11.71"]
[White "Toma,K"]
[Black "Wall,T"]
[Result "1-0"]
[WhiteElo "2312"]
[BlackElo "2183"]

1.e4 d5 2.exd5 Qxd5 3.Nc3 Qd6 4.d4 Nf6 5.Nb5 Qb6 6.c4 c6 7.Nc3 Bg4 8.f3 Bf5
9.g4 Bg6 10.h4 h5 11.g5 Nfd7 12.Nge2 e5 13.Bh3 Be7 14.f4 exf4 15.Nxf4 Qc7
16.Qe2 Qd6 17.Be3 Na6 18.O-O-O O-O 19.c5 Qc7 20.Nxg6 fxg6 21.Bd2 Ndb8 22.Rde1
Bd8 23.Rhf1 Rxf1 24.Rxf1 Qe7 25.Be6+ Kh7 26.Rf7 Qe8 27.Qe5 Qh8 28.Bf5 {#r} 1-0

[Event "4NCL 2016-17"]
[Site "Telford ENG"]
[Date "2017.05.01"]
[Round "11.72"]
[White "Coathup,R"]
[Black "Cooper,J"]
[Result "0-1"]
[WhiteElo "2159"]
[BlackElo "2278"]

1.d4 e6 2.c4 Bb4+ 3.Bd2 a5 4.e4 d6 5.Nf3 Nf6 6.Bd3 e5 7.Nc3 Nc6 8.a3 Bxc3
9.Bxc3 exd4 10.Nxd4 Ne5 11.O-O O-O 12.f4 Nxd3 13.Qxd3 c6 14.e5 dxe5 15.fxe5
Ne8 16.Qg3 Qe7 17.Rae1 Be6 18.Nxe6 Qxe6 19.Rf4 c5 20.Qf3 Ra7 21.Rd1 b6 22.Rd5
a4 23.Qd3 Re7 24.Qd1 Qc6 25.Rg4 Re6 26.Rg3 Rg6 27.Rxg6 fxg6 28.Rd7 Nc7 29.Rd6
Qe4 30.h3 Qxc4 31.Rxb6 Nd5 32.Rc6 Ne3 33.Qd2 Rf1+ 34.Kh2 Qf4+ 35.g3 Rf2+
36.Kh1 Qf3+ {#R} 0-1

[Event "4NCL 2016-17"]
[Site "Telford ENG"]
[Date "2017.05.01"]
[Round "11.74"]
[White "Dargan,P"]
[Black "Redmond,J"]
[Result "1-0"]
[WhiteElo "2096"]
[BlackElo "2197"]

1.e4 e6 2.d4 d5 3.Nd2 Be7 4.Bd3 c5 5.dxc5 Nf6 6.Qe2 O-O 7.Ngf3 Nfd7 8.b4 a5
9.c3 axb4 10.cxb4 Nc6 11.Rb1 Rxa2 12.O-O Bf6 13.Rd1 Nde5 14.b5 Nxf3+ 15.Qxf3
Ne5 16.Qh3 g6 17.f4 Nd7 18.Nb3 dxe4 19.Bxe4 Nxc5 20.Rxd8 Rxd8 21.Bb2 Rxb2
22.Nxc5 Rxb1+ 23.Bxb1 Bd4+ 24.Kf1 Bxc5 25.Be4 b6 26.Ke2 e5 27.f5 Rd4 28.Qf3
Bd7 29.Bd3 e4 30.Bxe4 Bxb5+ 31.Ke1 Bc4 32.Kf2 Rd2+ 33.Kg3 Bd6+ 34.Kh3 Bc5
35.fxg6 hxg6 36.Bxg6 Be2 37.Qxf7+ {#r} 1-0

[Event "4NCL 2016-17"]
[Site "Telford ENG"]
[Date "2017.05.01"]
[Round "11.75"]
[White "Williamson,R"]
[Black "Turner,Max N"]
[Result "1-0"]
[WhiteElo "2189"]
[BlackElo "1955"]

1.d4 d5 2.c4 e6 3.Nf3 Nf6 4.Bg5 c6 5.e3 Be7 6.Nc3 Nbd7 7.Qc2 O-O 8.O-O-O a6
9.cxd5 exd5 10.Bd3 h6 11.Bf4 b5 12.g4 g5 13.Bg3 Nxg4 14.h4 f6 15.Bf5 Nb6
16.Bxc8 Qxc8 17.Qg6+ Kh8 18.hxg5 Qe8 19.Rxh6+ Nxh6 20.Qxh6+ Kg8 21.g6 {#r} 1-0

[Event "4NCL 2016-17"]
[Site "Telford ENG"]
[Date "2017.05.01"]
[Round "11.77"]
[White "Jameson,D"]
[Black "Malola,P"]
[Result "1-0"]
[WhiteElo "2116"]
[BlackElo "2038"]

1.e4 Nc6 2.Nf3 d6 3.d4 a6 4.Be2 g6 5.d5 Ne5 6.Nxe5 dxe5 7.c4 Nf6 8.Nc3 e6
9.O-O h5 10.h3 Nh7 11.Be3 Bd6 12.c5 Be7 13.Qa4+ Kf8 14.Rad1 Qe8 15.Bh6+ {#r}
1-0